30+ Marvel Characters by Picture - Statistics

General Stats
  • This quiz has been taken 195 times
  • The average score is 29 of 33
Answer Stats
Picture Answer % Correct
Captain America
99%
Deadpool
99%
Hulk
99%
Iron Man
99%
Spider-Man
99%
Thor
99%
Wolverine
99%
Groot
96%
Thanos
96%
Loki
95%
Venom
94%
Ant-Man
93%
Doctor Strange
93%
Daredevil
91%
Scarlet Witch
90%
Star-Lord
90%
Nick Fury
89%
Wasp
89%
Captain Marvel
88%
Green Goblin
88%
Ultron
87%
Vision
87%
Falcon
86%
The Thing
86%
Nebula
85%
War Machine
85%
Winter Soldier
84%
Odin
83%
Miles Morales
80%
Silver Surfer
78%
Storm
78%
Magneto
77%
/Invisible Woman/./
41%
No matching quizzes found
Score Distribution
Percent of People with Each Score
Percentile by Number Answered
Your Score History
You have not taken this quiz